| 000 | 00706nam a22002177a 4500 | ||
|---|---|---|---|
| 005 | 20251108171143.0 | ||
| 008 | 250721s1985 xx 000 0 ara d | ||
| 082 | 1 | 4 | _aط/574/تشي |
| 100 | 1 | _aتشيشولم، جان | |
| 245 | 1 | 0 | _aمدخل إلى علم الإحياء / |
| 264 | 1 |
_aبيروت : _bالمؤسسة العربية للدراسات والنشر، _c1985. |
|
| 300 | _a48ص : مص | ||
| 490 | 0 | _aسلسلة اوسبورن | |
| 650 | 1 | 7 | _aعلم الأحياء |
| 653 | _aناشاون صغار(10-14)سنوات | ||
| 700 | 1 | _aبيزون، ديفيد | |
| 700 | 1 |
_aمدانات، حيدر _eترجمة |
|
| 700 | 1 | _aمدانات، حسام | |
| 942 |
_2ddc _cBK |
||
| 999 |
_c57975 _d57975 |
||